<?xml version="1.0" encoding="UTF-8"?><?xml-stylesheet type="text/xsl" href="static/style.xsl"?><OAI-PMH xmlns="http://www.openarchives.org/OAI/2.0/" xmlns:xsi="http://www.w3.org/2001/XMLSchema-instance" xsi:schemaLocation="http://www.openarchives.org/OAI/2.0/ http://www.openarchives.org/OAI/2.0/OAI-PMH.xsd"><responseDate>2026-04-29T10:46:05Z</responseDate><request verb="GetRecord" identifier="oai:repisalud.isciii.es:20.500.12105/8126" metadataPrefix="marc">https://repisalud.isciii.es/rest/oai/request</request><GetRecord><record><header><identifier>oai:repisalud.isciii.es:20.500.12105/8126</identifier><datestamp>2024-09-27T23:03:05Z</datestamp><setSpec>com_20.500.12105_2052</setSpec><setSpec>com_20.500.12105_2051</setSpec><setSpec>col_20.500.12105_19609</setSpec></header><metadata><record xmlns="http://www.loc.gov/MARC21/slim" xmlns:dcterms="http://purl.org/dc/terms/" xmlns:doc="http://www.lyncode.com/xoai" xmlns:xsi="http://www.w3.org/2001/XMLSchema-instance" xsi:schemaLocation="http://www.loc.gov/MARC21/slim http://www.loc.gov/standards/marcxml/schema/MARC21slim.xsd">
   <leader>00925njm 22002777a 4500</leader>
   <datafield ind2=" " ind1=" " tag="042">
      <subfield code="a">dc</subfield>
   </datafield>
   <datafield ind2=" " ind1=" " tag="720">
      <subfield code="a">Anda, Pedro</subfield>
      <subfield code="e">author</subfield>
   </datafield>
   <datafield ind2=" " ind1=" " tag="720">
      <subfield code="a">Escudero, Raquel</subfield>
      <subfield code="e">author</subfield>
   </datafield>
   <datafield ind2=" " ind1=" " tag="720">
      <subfield code="a">Jado, Isabel</subfield>
      <subfield code="e">author</subfield>
   </datafield>
   <datafield ind2=" " ind1=" " tag="720">
      <subfield code="a">Rodriguez-Moreno, Isabel</subfield>
      <subfield code="e">author</subfield>
   </datafield>
   <datafield ind2=" " ind1=" " tag="720">
      <subfield code="a">Jimenez, Maribel</subfield>
      <subfield code="e">author</subfield>
   </datafield>
   <datafield ind2=" " ind1=" " tag="260">
      <subfield code="c">2014-11-14</subfield>
   </datafield>
   <datafield ind2=" " ind1=" " tag="520">
      <subfield code="a">Un par de cebadores que tienen un cebador que comprende SEQ ID NO: 36 y un cebador que comprende SEQ ID NO: 37, y capaces de amplificar SEQ ID NO: 55, 56, 82-93 de especies bacterianas que provocan zoonosis, que pertenecen al género Rickettsia.</subfield>
   </datafield>
   <datafield ind2=" " ind1=" " tag="520">
      <subfield code="a">REIVINDICACIONES: 1. Un par de cebadores que tienen un cebador que comprende SEQ ID NO: 36 y un cebador que comprende SEQ ID NO: 37, y capaces de amplificar SEQ ID NO: 55, 56, 82-93 de especies bacterianas que provocan zoonosis, que&#xd;
&#xd;
pertenecen al género Rickettsia.&#xd;
&#xd;
2. El par de cebadores de acuerdo con la reivindicación 1 que tienen la secuencia SEQ ID NO: 36 y SEQ ID NO: 37.&#xd;
&#xd;
3. Sonda que consiste en la secuencia seleccionada de SEQ ID NO: 38-51, y capaz de hibridar con SEQ ID NO: 55,&#xd;
&#xd;
56, 82-93 de especies bacterianas que provocan zoonosis, que pertenecen al género Rickettsia.&#xd;
&#xd;
4. Un kit que comprende el par de cebadores de acuerdo con cualquiera de las reivindicaciones 1 o 2.&#xd;
&#xd;
5. El kit de acuerdo con la reivindicación 4, que comprende además los cebadores SEQ ID NO: 52 y SEQ ID 53.&#xd;
&#xd;
6. Un kit que comprende la sonda de acuerdo con la reivindicación 3.&#xd;
&#xd;
7. El kit de acuerdo con la reivindicación 6, que comprende además la sonda SEQ ID NO: 54.</subfield>
   </datafield>
   <datafield ind2=" " ind1=" " tag="520">
      <subfield code="a">Cuando una patente se hace internacional, se puede encontrar en el idioma de cada país en que se ha solicitado. En Espacenet se tiene acceso a los documentos en cada idioma.</subfield>
   </datafield>
   <datafield ind1="8" ind2=" " tag="024">
      <subfield code="a">ES2522523 T3</subfield>
   </datafield>
   <datafield ind1="8" ind2=" " tag="024">
      <subfield code="a">http://hdl.handle.net/20.500.12105/8126</subfield>
   </datafield>
   <datafield ind1="8" ind2=" " tag="024">
      <subfield code="a">10173990</subfield>
   </datafield>
   <datafield tag="653" ind2=" " ind1=" ">
      <subfield code="a">Género Rickettsia</subfield>
   </datafield>
   <datafield tag="653" ind2=" " ind1=" ">
      <subfield code="a">Zoonosis</subfield>
   </datafield>
   <datafield tag="653" ind2=" " ind1=" ">
      <subfield code="a">Cebadores</subfield>
   </datafield>
   <datafield tag="653" ind2=" " ind1=" ">
      <subfield code="a">Detección especies bacterianas</subfield>
   </datafield>
   <datafield ind2="0" ind1="0" tag="245">
      <subfield code="a">Cebadores, sondas y kits para la detección de especies bacterianas que pertenecen al género Rickettsia</subfield>
   </datafield>
</record></metadata></record></GetRecord></OAI-PMH>